Caricamento...

Hone aur Na Hone ka Sach/

Dettagli Bibliografici
Autore principale: Girishwar Mishra
Natura: Printed Book
Pubblicazione: Delhi: Ananya Prakashan, 2017.
Soggetti:
LEADER 00535nam a22001697a 4500
999 |c 145301  |d 145301 
020 |a 9789385450563 
082 |a H4  |b GIR/H 
100 |a Girishwar Mishra 
245 |a Hone aur Na Hone ka Sach/  |c by Girishwar Mishra 
260 |a Delhi:  |b Ananya Prakashan,  |c 2017. 
300 |a 174p. 
650 |a Essay Hindi 
650 |a Literature Hindi 
650 |a Literature 
942 |c BK 
952 |0 0  |1 0  |4 0  |6 H_4_000000000000000_GIR_H  |7 0  |9 103694  |a SSUS  |b SSUS  |c STACKS  |d 2020-09-30  |g 350.00  |o H4 GIR/H  |p 100679  |r 2020-09-30  |w 2020-09-30  |y BK